| 000 | 00752nam a2200229 a 4500 | ||
|---|---|---|---|
| 003 | BD-DhJNU | ||
| 005 | 20251019072957.0 | ||
| 008 | 050106s2006 maua b 001 0 eng | ||
| 020 | _a9789332518643 | ||
| 040 |
_aBD-DhJNU _bENG _cBD-DhJNU _dBD-DhJNU |
||
| 082 | 0 | 0 |
_a005.1 KLA _223 |
| 100 | 1 | _aKleinberg, Jon | |
| 245 | 1 | 0 |
_aAlgorithm design / _cJon Kleinberg and Éva Tardos |
| 260 |
_aBoston : _bPearson/Addison-Wesley, _cc2024. |
||
| 300 |
_a824 p. : _bill. ; _c24 cm. |
||
| 504 | _aIncludes bibliographical references and index. | ||
| 650 | 0 | _aComputer algorithms. | |
| 650 | 0 | _aData structures (Computer science) | |
| 700 | 1 | _aTardos, Éva. | |
| 856 | 4 | 1 |
_3Table of contents _uhttp://www.loc.gov/catdir/toc/ecip056/2005000401.html |
| 942 | _cBK | ||
| 999 |
_c2282 _d2282 |
||